Name that Animal - Statistics

General Stats
  • This quiz has been taken 31 times
    11 since last reset
  • The average score is 6 of 12
Answer Stats
Picture Answer % Correct
Bengal Tiger
100%
Red Fox
100%
Brazilian Mantis
71%
Emu
71%
Dingo
57%
European Badger
57%
Jaguar
43%
Maned Wolf
43%
Eastern Coyote
29%
Indian Gaur
29%
Arabian Oryx
14%
Gharial
14%
No matching quizzes found
Score Distribution
Percent of People with Each Score
Percentile by Number Answered
Your Score History
You have not taken this quiz since the last reset